Riconosci il Pokémon - Quiz n°9 - Statistics

Statistiche generali
  • Questo quiz è stato fatto 16 volte
  • Il punteggio medio è 8 su 10
Statistiche sulle risposte
Indizio Risposta % Corretto
Generazione Sesta
100%
Tipo Folletto
88%
Altezza 1,0 m
75%
Peso 23,5 kg
75%
Sesso 87.5% ♂, 12.5% ♀
75%
Abilità Incantevole; Pellefolletto
75%
Stadio evoluzione Prima evoluzione
75%
Tasso di cattura 45 (11.9%)
69%
Tasso di allevamento Medio-Veloce
69%
Pokémon Sylveon
69%
Nessun quiz corrispondente trovato
Distribuzione punteggi
Percentuale di utenti per punteggio
Percentile per numero di risposta
I tuoi punteggi nel tempo
Non hai fatto questo quiz